Impact of electronic procurement practice on organization performance: Case study Tuskys Supermarket/ (Record no. 4281)

000 -LEADER
fixed length control field 00501nam a22001697a 4500
003 - CONTROL NUMBER IDENTIFIER
control field OSt
005 - DATE AND TIME OF LATEST TRANSACTION
control field 20210715095957.0
008 - FIXED-LENGTH DATA ELEMENTS--GENERAL INFORMATION
fixed length control field 210715b xxu||||| |||| 00| 0 eng d
050 ## - LIBRARY OF CONGRESS CALL NUMBER
Classification number RUSC JK1672.M374 2020
100 ## - MAIN ENTRY--PERSONAL NAME
Personal name Mapendo, Daniel
245 ## - TITLE STATEMENT
Title Impact of electronic procurement practice on organization performance: Case study Tuskys Supermarket/
Statement of responsibility, etc Daniel Mapendo
260 ## - PUBLICATION, DISTRIBUTION, ETC. (IMPRINT)
Place of publication, distribution, etc Nairobi
Date of publication, distribution, etc 2020
300 ## - PHYSICAL DESCRIPTION
Extent vi, 38 p:
700 ## - ADDED ENTRY--PERSONAL NAME
Personal name Mutuku, Faith
700 ## - ADDED ENTRY--PERSONAL NAME
Personal name Musau, Cecilia
942 ## - ADDED ENTRY ELEMENTS (KOHA)
Source of classification or shelving scheme
Koha item type Research Project
Holdings
Withdrawn status Lost status Source of classification or shelving scheme Damaged status Not for loan Home library Current library Shelving location Date acquired Total Checkouts Full call number Barcode Date last seen Price effective from Koha item type
          Riara University Library Riara University Library Special Collection 15/07/2021   RUSC JK1672.M374 2020 10493/21 15/07/2021 15/07/2021 Research Project

Riara University Library,
P.O. Box 49940-00100,
Nairobi, Kenya.